| Tag |
First Indicator |
Second Indicator |
Subfields |
| LEADER |
00000cam a2200000 i 4500 |
| 001 |
in00002786419 |
| 005 |
20151202171630.0 |
| 008 |
120713s2012 mauabf b 001 0 eng |
| 010 |
|
|
|a 2012026952
|
| 020 |
|
|
|a 9780674068148 (cloth : alkaline paper)
|
| 020 |
|
|
|a 0674068149 (cloth : alkaline paper)
|
| 035 |
|
|
|a (OCoLC)ocn792886974
|
| 040 |
|
|
|a DLC
|e rda
|c DLC
|d UtOrBLW
|
| 043 |
|
|
|a e-pl---
|
| 049 |
|
|
|a TXAM
|
| 050 |
0 |
0 |
|a D765
|b .K5755 2012
|
| 082 |
0 |
0 |
|a 940.53/438
|2 23
|
| 100 |
1 |
|
|a Kochanski, Halik.
|
| 245 |
1 |
4 |
|a The eagle unbowed :
|b Poland and the Poles in the Second World War /
|c Halik Kochanski.
|
| 250 |
|
|
|a First Harvard University Press edition.
|
| 264 |
|
1 |
|a Cambridge, Massachusetts :
|b Harvard University Press,
|c 2012.
|
| 300 |
|
|
|a xxxi, 733 pages, 16 unnumbered pages of plates :
|b illustrations, maps ;
|c 24 cm.
|
| 336 |
|
|
|a text
|b txt
|2 rdacontent
|
| 337 |
|
|
|a unmediated
|b n
|2 rdamedia
|
| 338 |
|
|
|a volume
|b nc
|2 rdacarrier
|
| 500 |
|
|
|a "First published in the United Kingdom by Penguin Books ... 2012"--Title page verso.
|
| 504 |
|
|
|a Includes bibliographical references and index.
|
| 505 |
0 |
|
|a Definitions of Poland and the Polish -- Guide to Polish Pronunciation -- The Rebirth of Poland -- Polish Foreign Policy, 1920-1939 -- The September 1939 Campaign -- The German and Soviet Occupation of Poland to June 1941 -- Exile in the Soviet Union -- Escape from the Soviet Union -- Poland's Contribution to the Allied War Effort, 1940-1943 -- Polish Non-combatants Outside Poland, 1939-1945 -- The Dark Years : Occupied Poland, 1941-1943 -- The Holocaust, 1941-1943 -- Sikorski's Diplomacy, 1941-1943 -- Threats to the Standing of the Polish Government-in-Exile and the Polish Underground Authorities -- The Polish Dilemma : The Retreat of the Germans and the Advance of the Red Army -- Poland : The Inconvenient Ally -- Fighting under British Command, 1943-1945 -- The End of the War -- The Aftermath of the War -- The Final Chapter -- Appendix 1: Order of Battle of the Polish Army, 1939-1945 -- Appendix 2: Principal Polish Personalities.
|
| 650 |
|
0 |
|a World War, 1939-1945
|z Poland.
|
| 650 |
|
0 |
|a World War, 1939-1945
|x Social aspects
|z Poland.
|
| 651 |
|
0 |
|a Poland
|x History
|y 1918-1945.
|
| 651 |
|
0 |
|a Poland
|x Politics and government
|y 1918-1945.
|
| 651 |
|
0 |
|a Poland
|x Social conditions
|y 1918-1945.
|
| 945 |
|
|
|a PromptCat
|b 115743
|
| 946 |
|
|
|a stk
|
| 947 |
|
|
|a A14836011565
|
| 948 |
|
|
|a cataloged
|b h
|c 2012/12/10
|d c
|e dmitchel
|f 12:30:20 pm
|
| 994 |
|
|
|a 92
|b TXA
|
| 999 |
|
|
|a MARS
|
| 999 |
f |
f |
|s ed0ec6ad-b456-339f-94b1-ff21c5d83418
|i b0f663d1-53d8-3c89-8747-912239d59881
|t 0
|
| 952 |
f |
f |
|p normal
|a Texas A&M University
|b College Station
|c Sterling C. Evans Library
|d Evans: Library Stacks
|t 0
|e D765 .K5755 2012
|h Library of Congress classification
|i unmediated -- volume
|m A14836011565
|
| 998 |
f |
f |
|a D765 .K5755 2012
|t 0
|l Evans: Library Stacks
|